Teste rápido de matemática - Teste curto de matemática - Quiz 11 - Statistics

Estatísticas Gerais
  • Esse quiz foi jogado 115 vezes
  • A pontuação média é 14 de 15
Estatísticas das Respostas
Hint Resposta % Correto
2 x 8 = 16
100%
1 x 8 = 8
100%
4 x 8 = 32
98%
3 x 8 = 24
97%
5 x 8 = 40
97%
6 x 8 = 48
97%
7 x 8 = 56
96%
8 x 8 = 64
96%
10 x 8 = 80
95%
11 x 8 = 88
95%
9 x 8 = 72
93%
12 x 8 = 96
91%
13 x 8 = 104
87%
14 x 8 = 112
87%
15 x 8 = 120
82%
Nenhum quiz correspondente encontrado
Distribuição das Pontuações
Porcentagem de Pessoas com Cada Pontuação
Percentil de Números Respondidos
Sua Pontuação Histórica
Você não jogou esse quiz